Job analysis : a guide to assessing work activities /
Guardado en:
| Autor Principal: | |
|---|---|
| Formato: | Libro |
| Idioma: | English |
| Publicado: |
San Francisco :
Jossey-Bass,
c1983.
|
| Materias: | |
| Acceso en línea: | Tabla de contenido |
| Etiquetas: |
Agregar Etiqueta
Sin Etiquetas, Sea el primero en etiquetar este registro!
|
| LEADER | 00779pam a22002295a 4500 | ||
|---|---|---|---|
| 001 | EIQ.libpla001470 | ||
| 008 | 830124s1983####caua#####b####001#0#eng#d | ||
| 005 | 20061020182850.0 | ||
| 245 | 1 | 0 | |a Job analysis : |b a guide to assessing work activities / |c Sidney Gael. |
| 260 | |a San Francisco : |b Jossey-Bass, |c c1983. | ||
| 300 | |a xx, 282 p. : |b il. ; |c 24 cm. | ||
| 504 | |a Bibliografía: p. 273-275. | ||
| 500 | |a Incluye índice. | ||
| 020 | |a 0875895646 | ||
| 100 | 1 | |a Gael, Sidney. | |
| 082 | 0 | 0 | |a 658.3/06 |2 19 |
| 650 | 4 | |a Análisis de trabajo |x Guía. | |
| 650 | 4 | |a Job analysis |x Guide. | |
| 010 | |a 82049036 | ||
| 040 | |a DLC |c DLC |d AR-BbSIDf | ||
| 856 | 4 | 1 | |3 Tabla de contenido |u http://www.loc.gov/catdir/toc/wiley023/82049036.html |
| 859 | |a AR-BbSID |b BIB. PLAPIQUI |h 658.306 |i G 11 |p 3000 | ||
